Visualizzazione normale
Vista MARC
- Pronzato, Alessandro,
di Personal Name
Records bibliografici associati: 1
001 - CONTROL NUMBER
- control field: 61839
003 - CONTROL NUMBER IDENTIFIER
- control field:
005 - DATE AND TIME OF LATEST TRANSACTION
- control field: 20250317113023.0
008 - FIXED-LENGTH DATA ELEMENTS
- fixed length control field: 250317|| aca||aabn | a|a d
040 ## - CATALOGING SOURCE
- Original cataloging agency:
- Transcribing agency:
100 ## - HEADING--PERSONAL NAME
- Personal name: Pronzato, Alessandro,
- Titles and other words associated with a name: sacerdote,
- Dates associated with a name: 1932-2018
670 ## - SOURCE DATA FOUND
- Source citation: Work cat.: ()360435: Pronzato, Alessandro, sacerdote, 1932-2018 autore, Afferrato da Cristo :, 2009.